00691nam a2200157Ia 4500008004100000100003100041245006900072245015100141260005300292260000900345300001100354650001500365856006100380999001900441952007300460170221s9999 xx 000 0 und d aNelya Alekseevna Korbukova aStudent's Sport as Indicator of Cultural Development of Society  cNelya Alekseevna Korbukova, Evgenia Gennadyevna Podkopayeva, Svetlana Nikolaevna Lоktionova, Natalya Pavlovna Soltan, Irina Anatolyevna Budnikova bInternational Review of Management and Marketing c2016 a6 : 3S xMarketing. uhttp://www.econjournals.com/index.php/irmm/issue/view/75 c308492d308492 001040aCLbCLd2017-02-21l0r2017-02-21 00:00:00w2017-02-21yFOJ